Statistics for bye - Ariana Grande (lyrics)

Click here to take the quiz!

General Stats

  • This quiz has been taken 62 times
  • The average score is 253 of 282

Answer Stats

Answer% Correct
Boy,
100%
(Boy,
100%
Bye
100%
bye,
100%
(Bye)
100%
(Bye
100%
bye)
100%
bye
100%
the
100%
we?
100%
we
100%
I
98%
i'm
98%
I’m
98%
(I’m
98%
in
98%
it's
98%
(It’s
98%
It’s
98%
It's
98%
my
98%
over,
98%
So
98%
yeah
98%
Courtney
95%
Didn’t
95%
driveway
95%
just
95%
oh
95%
time)
95%
time
95%
to
95%
pulled
93%
stuff
93%
this
93%
This
93%
up
93%
first
90%
grab
90%
mine,
90%
mine)
90%
taking
90%
(Taking
90%
what's
90%
ain't
88%
me
88%
you
88%
You
88%
been
85%
I’ve
85%
than
85%
(Than
85%
hostage
83%
think
83%
fears
80%
hard
80%
stronger
80%
these
80%
But
78%
but
78%
finally
78%
know
78%
know?
78%
too
78%
and
75%
can't
75%
for
75%
through
75%
believe
73%
music
73%
Now
73%
tears
73%
moving
70%
on
70%
turn
70%
Usually,
70%
dance
68%
tried,
68%
better
65%
both
65%
how
65%
you'd
65%
At
63%
I’d
63%
bittersweet
60%
late
60%
least,
60%
feels
58%
floor,
58%
join
58%
repeat)
58%
repeat,
58%
repeat
58%
lose
55%
Maybe,
53%
choose
50%
we'll
50%
certainly
48%
love
48%
someday
45%
back
43%
hook
43%
look
43%
sing
43%
with
43%
baby)
28%

Score Distribution

Percentile by Number Answered

Percent of People with Each Score

Your Score History

You have not taken this quiz